000 00449nam a2200169Ia 4500
008 090711s9999 xx 000 0 und d
082 _b79997
100 _aकाकडे द. स.
245 _aवंश
260 _bचंद्रमौळी प्रकाशन
_c1997
300 _a160
600 _aकाकडे द. स.
630 _aवंश
700 _aकाकडे द. स.
730 _aवंश
942 _cBOOK
999 _c321265
_d321265